Desarrollo del curso de Windows para la Escuela de Capacitación para el Trabajo del Instituto de Humanidades y Ciencias de Guadalajara, A.C. /

Guardado en:
Detalles Bibliográficos
Autor principal: Lomelí Díaz, Juan Pablo (autor)
Formato: Tesis Libro
Idioma:Español
Temas:
Etiquetas: Agrega una etiqueta
Sin etiquetas, Sé el primero en etiquetar este registro!

MARC

LEADER 00000nam^a2200000^a^4500
001 000264705
005 20250521000000.0
009 20260310110653.771
037 |a Acervo ITESO - Biblioteca 
041 |a ESP 
090 |a LIA. 144 
100 |a Lomelí Díaz, Juan Pablo  |e (autor) 
245 1 0 |a Desarrollo del curso de Windows para la Escuela de Capacitación para el Trabajo del Instituto de Humanidades y Ciencias de Guadalajara, A.C. /  |c J.P. Lomelí Díaz. 
264 |a Guadalajara, México :  |b edición de autor,  |c 2006 
300 |a 1 disco compacto de computadora 
336 |a datos para computadora  |b cod  |2 rdacontenido 
337 |a computadora  |b c  |2 rdamedio 
338 |a disco de computadora  |b cd  |2 rdasoporte 
502 |a ITESO Reporte de Servicio Social de Licenciatura en Informática Administrativa 
649 |a XX 
650 |a Misioneros del Espíritu Santo en la Educación 
650 |a Sistemas Operativos -  |x Estudio y Enseñanza 
650 |a Paquetes (Software) -  |x Estudio y Enseñanza 
650 |a Informática -  |x Estudio y Enseñanza -  |x Tema Principal 
650 |a Programas de Materia -  |x Tema Principal 
650 |a Currículo 
650 |a Instituciones Educativas -  |z Guadalajara, Jalisco 
650 |a Instituciones Educativas -  |z Jalisco 
650 |a Instituciones Educativas -  |z México 
650 |a Educación Privada -  |z Guadalajara, Jalisco 
650 |a Educación Privada -  |z Jalisco 
650 |a Educación Privada -  |z México 
650 |a Educación de Adultos -  |z Guadalajara, Jalisco 
650 |a Educación de Adultos -  |z Jalisco 
650 |a Educación de Adultos -  |z México 
650 |a Servicio Social -  |x Informes 
910 |a Fondo General 
920 |a Electrónicos - Tesis del ITESO en Disco 
905 |a 202 
901 |a 0500147259  |b IT2  |c STS  |u 20250521 
902 |a https://opac.biblio.iteso.mx/vufind/Record/000264705